| 000 | 01009nam a22002415i 4500 | ||
|---|---|---|---|
| 001 | 163191 | ||
| 003 | ES-MaACL | ||
| 005 | 20250616172616.0 | ||
| 008 | 040910s1872 sp a |||| | spa d | ||
| 040 |
_aCAM _bspa _cCAM |
||
| 100 | 1 |
_aReid, Mayne ( _d1818-1883) _995977 |
|
| 245 | 1 | 3 |
_aEl cimarrón _b: segunda parte de La criolla de Jamaica / _cobra escrita en inglés por el capitán Mayne-Reid ; versión española por A. Avilés. |
| 250 | _aEd. il. con grabados. | ||
| 260 |
_aMadrid : _bImprenta de Gaspar y Roig, editores, _c1872. |
||
| 300 |
_a73 p. : _bil. ; _c28 cm. |
||
| 490 | 1 | _aBiblioteca Ilustrada de Gaspar y Roig | |
| 490 | 1 | _aAventuras de mar y tierra | |
| 700 | 1 |
_aAvilés, Ángel, _d1842-1924 _924062 |
|
| 830 | 0 |
_aBiblioteca Ilustrada de Gaspar y Roig _9177255 |
|
| 830 | 0 |
_aAventuras de mar y tierra _9188405 |
|
| 852 |
_aES-MaACL _jC-1199(11) _z-- Enc. hol. _z-- Legado de M. de la Fuente _q-- Falto de la cub. original _z-- Enc. en un vol. facticio |
||
| 999 |
_c163191 _d163191 |
||